000 nam a22 7a 4500
999 _c45876
_d45876
003 OSt
005 20190409103725.0
008 190409b xxu||||| |||| 00| 0 eng d
040 _cIIMT UINVERSITY
100 _aTAYLOR BILL
245 _aRESEARCH METHODOLOGY
260 _aNEW DELHI
_bPHI
_c2008
300 _a227
942 _2ddc
_c01
_e2008